UBT Library

Mathematics (Record no. 49676)

000 -LEADER
fixed length control field 00283nam a22001337a 4500
008 - FIXED-LENGTH DATA ELEMENTS--GENERAL INFORMATION
fixed length control field 181015b xxu||||| |||| 00| 0 eng d
020 ## - INTERNATIONAL STANDARD BOOK NUMBER
International Standard Book Number 9781285192390
041 ## - LANGUAGE CODE
Language code of text/sound track or separate title eng
080 ## - UNIVERSAL DECIMAL CLASSIFICATION NUMBER
Universal Decimal Classification number 510
100 ## - Rafti
Rafti 38
101 ## - Shkurtesa
Shkurtesa MAT
245 ## - TITLE STATEMENT
Title Mathematics
Statement of responsibility, etc Aufmann,R.N
942 ## - ADDED ENTRY ELEMENTS (KOHA)
Source of classification or shelving scheme
Item type Books
Holdings
Withdrawn status Lost status Source of classification or shelving scheme Damaged status Not for loan Collection code Permanent location Current location Shelving location Date acquired Total Checkouts Full call number Barcode Date last seen Price effective from Koha item type
          Koleksioni i përgjithshem UBT - Lipjan UBT - Lipjan Koleksioni i përgjithshem 10/15/2018   510 AUF 002-3015153 10/15/2018 10/15/2018 Books
          Koleksioni i përgjithshem UBT - Lipjan UBT - Lipjan   07/06/2023   51AUF 002-800080776 07/06/2023 07/06/2023 Books
UBT Library © 2015-2024. All rights reserved University Education for Business and Technology